000 00489nam a22001697a 4500
003 0
005 20260113090149.0
008 260113b xxu||||| |||| 00| 0 eng d
020 _a978-971-518-576-9
082 _aCL
_bWe453 2011
100 _aWells, H.G.
245 _aThe War of the worlds
_cH.G. Wells
260 _aQuezon City, Philippines :
_bPrecious Pages Corporation,
_c2011.
300 _a128 pages :
_bcolored illustrations,
_c20 cm.
650 _aClassic book.
942 _2ddc
_cBK
999 _c368686
_d368686